ბათუმის შოთა რუსთაველის სახელმწიფო უნივერსიტეტის ბიბლიოთეკა

გმირთა თაობა (ბიბ.ჩანაწერი № 42275)

000 -LEADER
fixed length control field 00636nam a2200229Ia 4500
001 - CONTROL NUMBER
control field 8970
003 - CONTROL NUMBER IDENTIFIER
control field GE_BSU
008 - FIXED-LENGTH DATA ELEMENTS--GENERAL INFORMATION
fixed length control field 181216s||||||||xx |||||||||||||| ||und||
040 ## - CATALOGING SOURCE
Transcribing agency GE_BSU
080 ## - UNIVERSAL DECIMAL CLASSIFICATION NUMBER
Universal Decimal Classification number 821.353.1–2
100 ## - MAIN ENTRY--PERSONAL NAME
Personal name კლდიაშვილი,სერგო
245 ## - TITLE STATEMENT
Title გმირთა თაობა
245 ## - TITLE STATEMENT
Remainder of title პიესა
245 ## - TITLE STATEMENT
Statement of responsibility, etc. რედ.რ.გვეტაძე
260 ## - PUBLICATION, DISTRIBUTION, ETC.
Place of publication, distribution, etc. ტფილისი
260 ## - PUBLICATION, DISTRIBUTION, ETC.
Name of publisher, distributor, etc. ფედერაცია
260 ## - PUBLICATION, DISTRIBUTION, ETC.
Date of publication, distribution, etc. 1937
300 ## - PHYSICAL DESCRIPTION
Extent 154გვ.18სმ.
653 ## - INDEX TERM--UNCONTROLLED
Uncontrolled term გმირთა თაობა
653 ## - INDEX TERM--UNCONTROLLED
Uncontrolled term პიესა
942 ## - ADDED ENTRY ELEMENTS (KOHA)
Koha item type წიგნი
ეგზემპლარები
Withdrawn status Lost status Damaged status Not for loan Date acquired Barcode Date last seen Price effective from Koha item type
        2018-12-17 31622 2018-12-17 2018-12-17 წიგნი
        2018-12-17 31623 2018-12-17 2018-12-17 წიგნი
        2018-12-17 31624 2018-12-17 2018-12-17 წიგნი
        2018-12-17 31625 2018-12-17 2018-12-17 წიგნი
        2018-12-17 31626 2018-12-17 2018-12-17 წიგნი
        2018-12-17 31627 2018-12-17 2018-12-17 წიგნი
        2018-12-17 31628 2018-12-17 2018-12-17 წიგნი
        2018-12-17 31629 2018-12-17 2018-12-17 წიგნი
        2018-12-17 31630 2018-12-17 2018-12-17 წიგნი
        2018-12-17 31631 2018-12-17 2018-12-17 წიგნი
        2018-12-17 31632 2018-12-17 2018-12-17 წიგნი
        2018-12-17 31633 2018-12-17 2018-12-17 წიგნი